| 000 | 00329nam a2200133 a 4500 | ||
|---|---|---|---|
| 001 | 4120 | ||
| 003 | CDMR | ||
| 005 | 20140211175527.0 | ||
| 008 | 130130s1969||||||||||||||||||||||||||||d | ||
| 040 |
_aCDMR _bcat _cCDMR |
||
| 245 | 3 | _aAnálisis de Marshal McLuhan | |
| 260 |
_aBuenos Aires _c1969 _bTiempo Contemporáneo |
||
| 942 |
_cMON _2udc |
||
| 999 |
_c4120 _d4120 |
||